[Event "POL-ch Rapid U18 Girls"]
[Site "Bydgoszcz"]
[Date "2023.08.29"]
[Round "3"]
[White "Biniak, Zuzanna"]
[Black "Zalewska, Malgorzata"]
[Result "1-0"]
[WhiteElo "1625"]
[BlackElo "1351"]
[PlyCount "67"]
[EventDate "2023.08.28"]
[EventType "swiss"]
[EventRounds "11"]
[EventCountry "POL"]
[SourceTitle "EXT 2024"]
[Source "ChessBase"]
[SourceDate "2023.10.10"]
[SourceVersion "1"]
[SourceVersionDate "2023.10.10"]
[SourceQuality "1"]

1. e4 c6 2. d4 d5 3. e5 g6 4. Bd3 Bg7 5. c3 f6 6. f4 Nh6 7. Nf3 Bg4 8. h3 Bxf3 9. Qxf3 0-0 10. Qe2 fxe5 11. fxe5 e6 12. Be3 Nf5 13. Bxf5 Rxf5 14. Nd2 c5 15. Nf3 Nc6 16. 0-0 cxd4 17. cxd4 Qe7 18. Qd2 Raf8 19. a3 b6 20. b4 Qf7 21. Rac1 Nb8 22. Rc3 b5 23. Qc2 a6 24. Rc7 Qe8 25. Rc1 Nd7 26. Qc6 Nb8 27. Qb7 R5f7 28. Ng5 Rd7 29. Rxd7 Nxd7 30. Rc7 h6 31. Rxd7 hxg5 32. Rxg7+ Kh8 33. Rh7+ Kg8 34. Qg7# 1-0

[Event "POL-ch Rapid U18 Girls"]
[Site "Bydgoszcz"]
[Date "2023.08.29"]
[Round "1"]
[White "Kawa, Anna"]
[Black "Zalewska, Malgorzata"]
[Result "1/2-1/2"]
[WhiteElo "1725"]
[BlackElo "1351"]
[PlyCount "146"]
[EventDate "2023.08.28"]
[EventType "swiss"]
[EventRounds "11"]
[EventCountry "POL"]
[SourceTitle "EXT 2024"]
[Source "ChessBase"]
[SourceDate "2023.10.10"]
[SourceVersion "1"]
[SourceVersionDate "2023.10.10"]
[SourceQuality "1"]

1. e4 c6 2. d4 d5 3. exd5 cxd5 4. c4 Nf6 5. Nc3 Nc6 6. Nf3 g6 7. Be2 Bg7 8. 0-0 0-0 9. h3 a6 10. Bf4 dxc4 11. Bxc4 b5 12. Bb3 Bb7 13. Re1 Rc8 14. Rc1 Na5 15. Be5 Nxb3 16. axb3 b4 17. Na4 Rxc1 18. Qxc1 Bxf3 19. gxf3 Qd5 20. Qe3 Nh5 21. Bxg7 Nxg7 22. Nc5 Nf5 23. Qe4 Qxd4 24. Qxd4 Nxd4 25. Rxe7 a5 26. Kg2 Rc8 27. Re5 Kg7 28. Rd5 Nf5 29. Nd3 Rc2 30. Rxa5 Rd2 31. Nxb4 Rxb2 32. Ra7 Rxb3 33. Nc6 Nh4+ 34. Kg3 Nxf3 35. Kg2 Nh4+ 36. Kh2 Nf3+ 37. Kh1 Rb1+ 38. Kg2 Nh4+ 39. Kg3 Nf5+ 40. Kh2 Rb2 41. Kg2 Nh4+ 42. Kf1 Rb1+ 43. Ke2 Rb2+ 44. Ke3 Rb3+ 45. Ke4 Rxh3 46. Ne5 Rh1 47. Rxf7+ Kg8 48. Ra7 Re1+ 49. Kd5 Re2 50. f4 Rf2 51. Ke4 Re2+ 52. Kd3 Rf2 53. Ke3 Rf1 54. Nd3 Ng2+ 55. Ke4 h5 56. Ke5 h4 57. Kf6 Nxf4 58. Nxf4 Rxf4+ 59. Kxg6 Rg4+ 60. Kh5 Rd4 61. Ra6 Kf7 62. Ra2 h3 63. Rh2 Rd8 64. Kg4 Rg8+ 65. Kf3 Rh8 66. Kg3 Kg6 67. Rh1 Kg5 68. Ra1 h2 69. Rh1 Kf5 70. Kf3 Ke5 71. Kg2 Kf5 72. Rxh2 Rxh2+ 73. Kxh2 Ke5 1/2-1/2

[Event "POL-ch U16 Girls"]
[Site "Sypniewo"]
[Date "2022.03.20"]
[Round "2"]
[White "Tokarz, Izabela"]
[Black "Zalewska, Malgorzata"]
[Result "1-0"]
[WhiteElo "1796"]
[BlackElo "1338"]
[PlyCount "93"]
[EventDate "2022.03.19"]
[EventType "swiss"]
[EventRounds "9"]
[EventCountry "POL"]
[SourceTitle "CBM 207 Extra"]
[Source "ChessBase"]
[SourceDate "2022.05.31"]
[SourceVersion "1"]
[SourceVersionDate "2022.05.31"]
[SourceQuality "1"]

1. d4 Nf6 2. c4 e6 3. Nc3 Bb4 4. f3 c5 5. d5 d6 6. a3 Bxc3+ 7. bxc3 e5 8. e4 Nh5 9. Be3 Nf4 10. Qd2 Ng6 11. Bd3 0-0 12. Ne2 f5 13. exf5 Bxf5 14. Bxf5 Rxf5 15. Ng3 Rf7 16. Ne4 h6 17. 0-0 Qc7 18. f4 Nd7 19. f5 Ne7 20. f6 Nxf6 21. Nxf6+ Rxf6 22. Rxf6 gxf6 23. Bxh6 Nf5 24. Rf1 Qh7 25. Be3 Nxe3 26. Qxe3 Kf7 27. Qf3 Qh4 28. Qf5 Rd8 29. g3 Qh8 30. Qe6+ Kg6 31. Qe7 Qf8 32. Qxb7 Qf7 33. Qxf7+ Kxf7 34. Rb1 Rd7 35. Rb8 a6 36. a4 a5 37. Kf2 f5 38. h4 Kg7 39. Rb5 Ra7 40. Rb6 Kf7 41. Rxd6 Rb7 42. Rc6 Rb3 43. Rxc5 Rxc3 44. d6 Ke6 45. Rd5 Kd7 46. Rxe5 Kxd6 47. Rxf5 1-0

[Event "POL-ch U15 Qual"]
[Site "Jastrzebia Gora"]
[Date "2021.11.18"]
[Round "6"]
[White "Biniak, Zuzanna"]
[Black "Zalewska, Malgorzata"]
[Result "1/2-1/2"]
[WhiteElo "1313"]
[BlackElo "1296"]
[PlyCount "110"]
[EventDate "2021.11.15"]
[EventType "swiss"]
[EventRounds "9"]
[EventCountry "POL"]
[SourceTitle "EXT 2023"]
[Source "ChessBase"]
[SourceDate "2022.10.05"]
[SourceVersion "1"]
[SourceVersionDate "2022.10.05"]
[SourceQuality "1"]

1. e4 c6 2. d4 d5 3. e5 g6 4. Bd3 Bg7 5. c3 f6 6. f4 e6 7. Nf3 Ne7 8. Na3 fxe5 9. fxe5 a6 10. Nc2 Nd7 11. 0-0 0-0 12. Ng5 Nb6 13. Qg4 Rxf1+ 14. Bxf1 Nf5 15. Ne3 Qe7 16. Nxf5 exf5 17. Qf3 Be6 18. Nxe6 Qxe6 19. Be3 Nd7 20. b3 b5 21. Rc1 c5 22. Bf4 Rc8 23. c4 dxc4 24. d5 Qe8 25. e6 Ne5 26. Bxe5 Bxe5 27. bxc4 b4 28. Qb3 a5 29. a4 Bd4+ 30. Kh1 Rd8 31. Bd3 Qe7 32. Bc2 Rd6 33. Qg3 Kh8 34. Rf1 Bf6 35. Qf3 Rd8 36. g4 h6 37. gxf5 g5 38. Qh5 Qg7 39. Qg6 Qxg6 40. fxg6 Kg7 41. Re1 Be7 42. Rf1 Rf8 43. Rf7+ Rxf7 44. exf7 Kf6 45. Kg2 Bd6 46. h3 Bf8 47. Kf3 Bd6 48. Kg4 Bf8 49. h4 gxh4 50. Kxh4 Bd6 51. Kg4 Bf8 52. Kh5 Kg7 53. Kg4 Kf6 54. Kf4 Bd6+ 55. Kg4 Bf8 1/2-1/2

[Event "POL-ch U15 Qual"]
[Site "Jastrzebia Gora"]
[Date "2021.11.16"]
[Round "2"]
[White "Gac Mytych, Sara"]
[Black "Zalewska, Malgorzata"]
[Result "0-1"]
[WhiteElo "1184"]
[BlackElo "1296"]
[PlyCount "82"]
[EventDate "2021.11.15"]
[EventType "swiss"]
[EventRounds "9"]
[EventCountry "POL"]
[SourceTitle "EXT 2023"]
[Source "ChessBase"]
[SourceDate "2022.10.05"]
[SourceVersion "1"]
[SourceVersionDate "2022.10.05"]
[SourceQuality "1"]

1. e4 e6 2. d4 d5 3. Nd2 c5 4. Ngf3 Nc6 5. Bb5 Qb6 6. Bxc6+ bxc6 7. c3 Ba6 8. Qb3 Qa5 9. Qc2 Nf6 10. exd5 cxd5 11. Nb3 Qb6 12. Be3 Ne4 13. Nfd2 Nxd2 14. dxc5 Nf3+ 15. gxf3 Qc7 16. Qd2 Bc4 17. Qd4 e5 18. Qd1 Rb8 19. h3 a5 20. Nd2 Qc6 21. b3 Ba6 22. Rg1 Qe6 23. Nf1 g6 24. b4 axb4 25. Qa4+ Bb5 26. Qxb4 Bg7 27. a4 d4 28. Bd2 Qxh3 29. axb5 Qxf3 30. cxd4 exd4 31. Rg3 Qh5 32. b6 0-0 33. Bf4 Rbe8+ 34. Be3 dxe3 35. Rxe3 Bxa1 36. c6 Rxe3+ 37. Nxe3 Qe5 38. c7 Bc3+ 39. Kd1 Bxb4 40. Nc2 Ba5 41. b7 Bxc7 0-1

[Event "POL-ch U15 Qual"]
[Site "Jastrzebia Gora"]
[Date "2021.11.15"]
[Round "1"]
[White "Zalewska, Malgorzata"]
[Black "Reszka, Barbara"]
[Result "0-1"]
[WhiteElo "1296"]
[BlackElo "1094"]
[PlyCount "64"]
[EventDate "2021.11.15"]
[EventType "swiss"]
[EventRounds "9"]
[EventCountry "POL"]
[SourceTitle "EXT 2023"]
[Source "ChessBase"]
[SourceDate "2022.10.05"]
[SourceVersion "1"]
[SourceVersionDate "2022.10.05"]
[SourceQuality "1"]

1. e4 c5 2. Nf3 a6 3. d4 cxd4 4. Nxd4 Nf6 5. Nc3 e5 6. Nf3 Bb4 7. Bg5 d6 8. Bd3 Bxc3+ 9. bxc3 0-0 10. 0-0 Be6 11. Qe2 Nbd7 12. Bc4 Bxc4 13. Qxc4 Rc8 14. Qb4 Nc5 15. Rfe1 h6 16. Bh4 g5 17. Bg3 a5 18. Qa3 Ncxe4 19. Re3 Qc7 20. Rae1 Nxc3 21. Nxe5 Nfd5 22. Nf3 Nxe3 23. Bxd6 Qc6 24. Rxe3 Nb5 25. Qd3 Nxd6 26. Re6 Rfd8 27. Rxh6 Qe4 28. Qd2 Qf4 29. Qxa5 Nc4 30. Qc3 Rd1+ 31. Ne1 Qe5 32. Qb3 Rxe1# 0-1

[Event "POL-ch U14 Girls"]
[Site "Uniejow"]
[Date "2021.07.19"]
[Round "1"]
[White "Zalewska, Malgorzata"]
[Black "Szopa, Emilia"]
[Result "1-0"]
[WhiteElo "1328"]
[BlackElo "1699"]
[PlyCount "65"]
[EventDate "2021.07.18"]
[EventType "swiss"]
[EventRounds "9"]
[EventCountry "POL"]
[SourceTitle "EXT 2022"]
[Source "ChessBase"]
[SourceDate "2021.10.06"]
[SourceVersion "1"]
[SourceVersionDate "2021.10.06"]
[SourceQuality "1"]

1. e4 c5 2. Nf3 Nc6 3. d4 cxd4 4. Nxd4 Nf6 5. Nc3 e5 6. Ndb5 d6 7. Bg5 a6 8. Na3 b5 9. Nd5 Be7 10. Bxf6 Bxf6 11. Be2 Bg5 12. c3 Rb8 13. 0-0 0-0 14. Nc2 Be6 15. Nce3 a5 16. Bd3 Ne7 17. f4 Nxd5 18. Nxd5 Bxd5 19. fxg5 Be6 20. Qd2 d5 21. exd5 Bxd5 22. Qe3 Re8 23. Kh1 Qb6 24. Bxh7+ Kxh7 25. Qd3+ Qg6 26. Qxd5 Rbd8 27. Qxb5 Qxg5 28. Rxf7 Rd2 29. Rg1 Rh8 30. Rf3 Qe7 31. Rh3+ Kg8 32. Qc4+ Qf7 33. Rxh8+ 1-0